Sewers and sewage works (Record no. 57363)

MARC details
000 -LEADER
fixed length control field 00500nam a2200145 a 4500
008 - FIXED-LENGTH DATA ELEMENTS--GENERAL INFORMATION
fixed length control field 120416s1971 xx |||||||||||||| || u
050 ## - LIBRARY OF CONGRESS CALL NUMBER
Classification number TD 676 Esc
100 ## - MAIN ENTRY--PERSONAL NAME
Personal name Escritt, L. B
245 10 - TITLE STATEMENT
Title Sewers and sewage works
246 ## - VARYING FORM OF TITLE
Title proper/short title with metric calculations and formulae
260 ## - PUBLICATION, DISTRIBUTION, ETC.
Place of publication, distribution, etc.
Name of publisher, distributor, etc. Allen and Unwin
Date of publication, distribution, etc. 1971
300 ## - PHYSICAL DESCRIPTION
Extent 256p. : ill.
350 ## - PRICE (NR) (BK AM CF MU VM SE) [OBSOLETE]
Price 0.00
995 ## - RECOMMENDATION 995 [LOCAL, UNIMARC FRANCE]
-- 0.00
-- CBU-MAIN LIBRARY (Kitwe)
-- 1
-- 3.25
-- AVAILABLE
-- Main Library Open Access Collection
Holdings
Withdrawn status Lost status Source of classification or shelving scheme Damaged status Not for loan Home library Current library Shelving location Date acquired Total Checkouts Full call number Barcode Date last seen Price effective from Koha item type
          CBU-MAIN LIBRARY, KITWE. CBU-MAIN LIBRARY, KITWE.   11/30/2022   TD 676 Esc 015691 11/30/2022 11/30/2022 MONOGRAPH